000 00955nam a2200265 i 4500
001 bg
245 1 0 _aDisce puer :
_bpodręcznik do łaciny średniowiecznej : praca zbiorowa /
_cpod red. Dariusza Gwisa i Elżbiety Jung-Palczewskiej ; oprac. Małgorzata Dąbrowska [et al.].
260 _aWarszawa :
_bWydawnictwo Naukowe PWN ;
_c2000.
300 _a329, [21] s. ;
_c24 cm.
650 9 _aFilozofia
_xterminologia
_y5-15 w.
650 9 _aHistoriografia
_xterminologia
_y5-15 w.
650 9 _aJęzyk łaciński
_xgramatyka
_y5-15 w.
655 _aPodręczniki
700 1 _aGwis, Dariusz.
_eRed.
700 1 _aJung-Palczewska, Elżbieta.
_eRed.
700 1 _aDąbrowska, Małgorzata.
_eOprac.
020 _a8301132361
040 _cBPK
041 0 _apollat
044 _aPOL
080 _a811.124'04'36(07)
942 _cKS
008 s pl f |000 0 pol
999 _c54300
_d54300